Organizacje według państw #1 - Statystyki

Ogólne statystyki
  • Ten quiz został rozwiązany 16 razy
  • Średni wynik to 9 z 39
Odpowiedzi na mapie
Odpowiedzi zakodowano w zielono-czerwonej skali na mapie do tego quizu, zgodnie z poniższymi procentami.
 
Statystyki odpowiedzi
Podpowiedź Państwo % Poprawnych
W Nowym Jorku mieszka więcej Żydów niż w jego stolicy Izrael
91%
Ogłosiło niepodległość od Wielkiej Brytanii w 1916 roku jednak została uznana dopiero w 1921 roku Irlandia
64%
Jego stolica jest najstarszą w Europie Grecja
55%
Granica tego państwa z USA jest najdłuższą na świecie Kanada
55%
Jego dwa regiony mają taką samą flagę jak Polska. Jednym z nich jest Tyrol Austria
45%
Jest najbardziej wysuniętym państwem bałtyckim na południe Litwa
45%
Największe państwo Europy Środkowej Niemcy
45%
Jego stolica Wellington jest najbardziej wysuniętą wyspą na południe na świecie Nowa Zelandia
45%
Znajduje się tam największe solnisko Ameryki Południowej Chile
36%
Urodził się tam Hans Christian Andersen Dania
36%
Najbardziej wysunięte na północ państwo Beneluksu Holandia
36%
Leży w Europie i najpóźniej dołączyło do ONZ Szwajcaria
36%
Jeżeli odwrócisz flagę powyższego państwa w prawo o 90 stopni otrzymasz flagę tego państwa Włochy
36%
Jest podzielone na Flandrię i Walonię Belgia
27%
Podarowało Statuę Wolności Stanom Zjednoczonym Francja
27%
Jego społeczeństwo jest najstarsze na świecie Japonia
27%
Jedyne państwo w Ameryce Środkowej które należy do tej organizacji Kostaryka
27%
Narciarstwo zostało wynalezione w tym państwie Norwegia
27%
Trzecie największe państwo Unii Europejskiej Szwecja
27%
Narodowym jego warzywem jest papryka Węgry
27%
Miało największe imperium na świecie Wielka Brytania
27%
Chupa Chups pochodzi z tego państwa Hiszpania
18%
Ma flagę podobną do flagi Ekwadoru Kolumbia
18%
Koktajl Mołotowa pochodzi z tego państwa Finlandia
9%
W jednym z jego miast do 1998 działała nielegalna produkcja dolarów amerykańskich Polska
9%
W jego stolicy jest najstarsza księgarnia w Europie Portugalia
9%
Jaskinia Postojna znajdująca się w tym państwie jest najczęściej odwiedzaną jaskinią w Europie Słowenia
9%
Wyspa Fraser leżąca w tym państwie jest największą piaszczystą wyspą na świecie Australia
0%
Jest drugim państwem na świecie o najwyższej umieralności na raka Czechy
0%
Bardzo dużo jego słów zaczyna się na literę O Estonia
0%
Znajduje się tam około 10 000 wodospadów Islandia
0%
Nietypowym jego świętem jest Yudu czyli powitanie wody Korea Południowa
0%
Najstarszym browarem w tym państwie jest Cēsu alus darītava Łotwa
0%
Leżą w nim takie miasta jak: Wiltz, Mersch czy Petange Luksemburg
0%
Została tam wynaleziona telewizja kolorowa Meksyk
0%
Organizacja OCED
0%
Najstarszy maraton w Europie odbywa się co roku w tym państwie Słowacja
0%
Leży na północ od powyższego państwa Stany Zjednoczone
0%
Jego stolica w jego języku to Ἄγκυρα Turcja
0%
Nie znaleziono quizów pasujących do podanych kryteriów
Rozkład punktacji
Procent ludzi z każdym wynikiem
Percentyl według liczby udzielonych odpowiedzi
Twoja historia wyników
Nie rozwiązałeś tego quizu